000 00309nam a2200109Ia 4500
008 180315s9999 xx 000 0 und d
020 _a9780071774376
100 _aScannell, Mary
245 _cCain, Jim
_aThe big book of low-cost training games /
260 _aUSA :
_b2012
_cMcGrawHill
300 _av, 239 pages
999 _c356319
_d356319